| 000 | 00600nam a2200205 i 4500 | ||
|---|---|---|---|
| 001 | 101806 | ||
| 003 | ES-MaACL | ||
| 005 | 20230906183001.0 | ||
| 007 | t| | ||
| 008 | 051025s1986 sp ||||1| spa d | ||
| 020 | _a84-7644-011-1 | ||
| 100 | 1 |
_aMelgares, Francisco. _979955 |
|
| 245 | 1 | 0 |
_aAnselmo B / _cFrancisco Melgares. |
| 260 |
_aMadrid : _bAntonio Machado, _c1986. |
||
| 300 |
_a64 p. ; _c17 cm. |
||
| 490 | 1 |
_aBiblioteca Antonio Machado de teatro ; _v6 |
|
| 830 | 0 |
_aBiblioteca Antonio Machado de teatro ; _v6 _9178191 |
|
| 852 |
_aES-MaACL _jL-11296 _bR.112926 |
||
| 999 |
_c101806 _d101806 |
||